000 00344nam a2200145 i 4500
001 bg
100 1 _aKRZYWOBŁOCKA, Bożena
245 0 _aStare i nowe obyczaje /
_cBożena Krzywobłocka.
250 _aWyd.2 uzup.
260 _aWarszawa,
_c1986.
040 _cBPK
041 _apol
942 _cKS
008 s pl f |000 0 pol
999 _c2994
_d2994
856 _uhttp://koha.tu.koszalin.pl/cgi-bin/koha/opac-detail.pl?biblionumber=2994
_yKatalog online BPK